Basic Hindi (English as medium); (Record no. 70149)

MARC details
000 -LEADER
fixed length control field 00688cam a22002171 4500
001 - CONTROL NUMBER
control field sa 66005765
003 - CONTROL NUMBER IDENTIFIER
control field DLC
005 - DATE AND TIME OF LATEST TRANSACTION
control field 20260227112251.0
008 - FIXED-LENGTH DATA ELEMENTS--GENERAL INFORMATION
fixed length control field 870831s1965 ii 000 0 eng
010 ## - LIBRARY OF CONGRESS CONTROL NUMBER
LC control number sa 66005765
025 ## - OVERSEAS ACQUISITION NUMBER
Overseas acquisition number PL480:I-E-5699
035 ## - SYSTEM CONTROL NUMBER
System control number (OCoLC)16617272
040 ## - CATALOGING SOURCE
Original cataloging agency DLC
Transcribing agency WaU
Modifying agency DLC
042 ## - AUTHENTICATION CODE
Authentication code premarc
050 00 - LIBRARY OF CONGRESS CALL NUMBER
Classification number PK1933
Item number .K27
100 1# - MAIN ENTRY--PERSONAL NAME
Personal name Kapoor, Badri Nath,
Dates associated with a name 1932-
245 10 - TITLE STATEMENT
Title Basic Hindi (English as medium);
Remainder of title basic structure of Hindi based on 555 word-pairs and 27 simple grammatical rules
Statement of responsibility, etc. [by] Badari Nath Kapoor.
260 ## - PUBLICATION, DISTRIBUTION, ETC.
Place of publication, distribution, etc. Varanasi,
Name of publisher, distributor, etc. Hindi Pracharak Pustakalaya
Date of publication, distribution, etc. [1965]
300 ## - PHYSICAL DESCRIPTION
Extent 108 p.
Dimensions 25 cm.
650 #0 - SUBJECT ADDED ENTRY--TOPICAL TERM
Topical term or geographic name entry element Hindi language
General subdivision Grammar.

No items available.

Powered by Koha